000 00326nam a22001217a 4500
005 20250820180542.0
008 250820b |||||||| |||| 00| 0 eng d
082 _a005
_bPAR-M
100 _aParsons (New Perspectives)
245 _aComputer Concepts 2018 Introductory
650 _aComputer /Computer Science & IT
999 _c37039
_d37039